Регионална библиотека "Любен Каравелов" - Русе

Соната за Петя Дубарова (Запис номер 120738)

MARC детайли
000 -Лидер
Контролно поле с фиксирана дължина 01695nam a2200397 c 4500
003 - Код на организацията, давaща контролен номер
Контролно поле BLK
005 - Дата и час на последна редакция
Контролно поле 20241027004021.0
008 - Елементи от данни с фиксирана дължина
fixed length control field 180409b bul|||||r ||||||| ||bul||
010 ## - Наследен системен номер
LC control number KNG00126358000
040 ## - Източник на каталожния запис
Идентификатор на билиотеката - собственик на записа BLK
041 ## - Код за език
Код за езика на текст/звукозапис или на отделно заглавие Български
Код за езика КДБФ Български
080 ## - УДК
Текстов определител УДК Българска литература
УДК код - определител по УДК 821.163.2
УДК определител (092)
УДК - код + определител 821.163.2(092)
080 ## - УДК
Текстов определител УДК Българска поетеса
УДК код - определител по УДК 929 Дубарова, Петя Стойкова
УДК определител
УДК - код + определител 929 Дубарова, Петя Стойкова
100 ## - Редна дума - Автор
Автор Андреев, Веселин
Автор - информация (биография) Андреев, Георги Георгиев
R(LIN) 367274
139 ## - Редно поле
Редна дума Андреев, Веселин
Авторски знак Ду - Д 92
245 10 - Сведения за заглавието
Заглавие Соната за Петя Дубарова
Редно поле (дума) Веселин Андреев; * Георги Георгиев Андреев.
250 ## - Област на изданието
Сведения за изданието 2. изд.
257 ## - Страна на издаване
Страна на създаване/издаване България
260 ## - Област на издателските данни
-- Пловдив
Име на издателя, разпространителя и проч. Христо Г. Данов
Година на издаване 1988
300 ## - Физическа характеристика
Страници 223 с.
Илюстрации и др. с ил., портр.
Размери/Мащаб 21 см
380 ## - Жанр
Жанр Худож. лит.
500 ## - Общи забележки
Забележка 1. изд. 1985.
600 14 - Име на лице, използвано като предмет
За него / За нея Дубарова, Петя Стойкова
9 (RLIN) 365274
650 #4 - Допълнително описание по предмет – тема
Основно описание – тема или топоним Поети, български - биографии
9 (RLIN) 277817
650 #4 - Допълнително описание по предмет – тема
Основно описание – тема или топоним Дубарова, Петя Стойкова
9 (RLIN) 365274
653 ## - Ключова дума – ненормативна
Ключова дума Петя Дубарова
653 ## - Ключова дума – ненормативна
Ключова дума български поети
653 ## - Ключова дума – ненормативна
Ключова дума българска литература
700 1# - Други автори (авторска отговорност)
Лично име Андреев, Георги Георгиев
Автороска отговорност (Описва отношението между автора и произведението) *
9 (RLIN) 274744
852 ## - Местоположение
Форматна сигнатура Цб 154083
856 4# - Електронен адрес и достъп
Електронен формат pdf - файл
Път до файла /url/
856 4# - Електронен адрес и достъп
Електронен формат pdf - файл
Път до файла /url/
942 ## - АРТИКУЛИ
Вид на библиотечния материал Книги
Скрит в OPAC Не
Koha issues (borrowed), all copies 2
944 ## - СЪЗДАВАНЕ И РЕДАКЦИЯ на ЗАПИСА
Създаване/Редакция Създаване
Дата на регистрацията/редакция 15.11.2011
Статус, дата на статуса CRON CRON
Служител, извършил регистрацията/редакцията
944 ## - СЪЗДАВАНЕ И РЕДАКЦИЯ на ЗАПИСА
Създаване/Редакция Редакция
Дата на регистрацията/редакция 15.11.2011
Статус, дата на статуса 15.11.2011 - от С1,Р / 15.11.2011
Служител, извършил регистрацията/редакцията
999 ## - СИСТЕМНИ КОНТРОЛНИ НОМЕРА
Koha biblionumber 120738
Koha biblioitemnumber 120738
Наличности
Код за отписване Код за изгубен артикул Източник на класификационната схема Код за повреда Коз за рестрикции Код за отдаване Артикулен № Име на библиотеката - собственик Име на библиотеката, в която се намира в момента Статус (Текущо местоположение) Дата на вписване в системата Местоположение - отдел Цена в лева Инвентарен номер Систематично азбучна сигнатура Баркод Номер на екземпляра Цена в евро Служебна бележка Служебен тип на артикула
  Не е изгубен Universal Decimal Classification Не е повреден без рестрикции ползва се в читалня 195039 Регионална библиотека "Любен Каравелов" Русе Регионална библиотека "Любен Каравелов" Русе Хранилище 1988-01-01 Хранилище 1.76 504409 Цб 154083 120000504409 1 0.90 Дост: Dp Вид: Д N: стар фонд Дата: 01.01.1988 Книги
Изтеглен Не е изгубен Universal Decimal Classification Не е повреден без рестрикции заемане за дома 195040 Регионална библиотека "Любен Каравелов" Русе Регионална библиотека "Любен Каравелов" Русе Заемна - подръчен фонд 1988-01-01 Заемна - подръчен фонд 1.76 504215 П 821.163.2.09(092)/Д 92 504215 2 0.90 Дост: Pk Вид: Ф N: стар фонд Дата: 01.01.1988 Книги
Изтеглен Не е изгубен Universal Decimal Classification Не е повреден без рестрикции заемане за дома 195041 Регионална библиотека "Любен Каравелов" Русе Регионална библиотека "Любен Каравелов" Русе Заемна - подръчен фонд 1988-01-01 Заемна - подръчен фонд 1.76 504216 П 821.163.2.09(092)/Д 92 504216 3 0.90 Дост: Pk Вид: Ф N: стар фонд Дата: 01.01.1988 Дата инв: 21.03.2018 Бележки инв: П2018 Книги
Изтеглен Не е изгубен Universal Decimal Classification Не е повреден без рестрикции заемане за дома 195042 Регионална библиотека "Любен Каравелов" Русе Регионална библиотека "Любен Каравелов" Русе Заемна - подръчен фонд 1988-01-01 Заемна - подръчен фонд 1.76 504219 П 821.163.2.09(092)/Д 92 504219 4 0.90 Дост: Pk Вид: Ф N: стар фонд Дата: 01.01.1988 Дата инв: 07.02.2018 Бележки инв: П2018 Книги
Изтеглен Не е изгубен Universal Decimal Classification Не е повреден без рестрикции заемане за дома 195043 Регионална библиотека "Любен Каравелов" Русе Регионална библиотека "Любен Каравелов" Русе Заемна - подръчен фонд 1988-01-01 Заемна - подръчен фонд 1.76 623276 П 886.7(092)/Д 92 623276 5 0.90 Дост: Pk Вид: Ф N: стар фонд Дата: 01.01.1988 Книги
Vip Innovations Ltd, Rousse, Bulgaria 2025